LEADER 01422nam a2200325 a 4500 001 000000143358 003 CaOOAMICUS 005 20150921131633.0 008 150518s2009 it u000 u ita r 020 $a978-88-250-2437-1 040 $aPUL$bita 082 04$a233 245 00$aLibertą: crisi e ripresa della coscienza morale /$ca cura di Mario Signore e Giovanni Scarafile. 260 $aPadova :$bMessaggero di Sant'Antonio,$c©2009. 300 $a221 p.$c19 cm 490 1 $aFede e cultura 650 14$aLibertą di coscienza.$0(OLS)http://pul/subject/545 700 1 $aSignore, Mario.$0(OLS)http://pul/name/58327 700 1 $aScarafile, Giovanni.$0(OLS)http://pul/name/58328 830 0$aFede e cultura (Messaggero).$0(OLS)http://pul/title/138860 850 $aPUL 852 $aPUL$W1$xSL Religione 3$y85$m233 SIGMA 1$j165482$qDDC 21$B165747$CPULBib$Z2$F165747 $H125796 $82 852 $aPUL$W1$xDP1 Fondo S. Lanza$y121$m3 P 10$j168817$qFondi$B169454$CPULBib$Z2$F169454 $HLAN282 $82 941 1 $a9 941 1 $a1 996 $6020$a978-88-250-2437-1$9(OLS)http://pul/number/157555 996 $6082$a233$9(OLS)http://pul/classification/447 996 $6245$aLibertą: crisi e ripresa della coscienza morale$9(OLS)http://pul/title/181403 996 $6260$aPadova :$bMessaggero di Sant'Antonio$9(OLS)http://pul/publisher/70267 LEADER 01698nam a2200313 a 4500 001 000000166439 003 CaOOAMICUS 005 20180306123405.0 006 a 000 u 008 180306s2017 it frm z000 u ita r 032 $aLibriCat 040 $aPUL$bita 100 1 $aSpinelli, Francesco,$d1981-$0(OLS)http://pul/name/3097 245 13$aLa resolutio fidei di R. Garrigou-Lagrange: $bstudio sull'analysis fidei di R. Garrigou-Lagrange a confronto con quella di R. Bultmann, P. Rousselot e J. Alfaro /$cFrancesco Spinelli. 260 $aRoma :$bPontificia Universitą Gregoriana,$c2017. 300 $a132 p. ;$c24 cm 502 $aEstratto da Tesi -- Pontificia Universitą Gregoriana. Facoltą di teologia, 2017. 504 $aBibliografia: p.[101]-123. 600 14$aAlfaro, Juan,$cS.I.,$d1914-1993.$0(OLS)http://pul/subject/22586 600 14$aRousselot, Pierre,$cS.J.,$d1878-1915.$0(OLS)http://pul/subject/23727 600 14$aBultmann, Rudolf Karl,$d1884-1976.$0(OLS)http://pul/subject/2381 600 14$aGarrigou-Lagrange, Reginald,$cO.P.,$d1877-1964.$0(OLS)http://pul/subject/23390 710 2 $aPontificia Universitą Gregoriana.$bFacoltą di teologia.$kTesi.$0(OLS)http://pul/name/81592 850 $aPUL 852 $aPUL$W1$xDP1 Tesi Pon. Univ. Gregoriana$y40$m2017 B 32$j190995$qTesi$B193872$CPULBib$Z2$F193872 $81 941 1 $a16 996 $6245$aLa resolutio fidei di R. Garrigou-Lagrange: $bstudio sull'analysis fidei di R. Garrigou-Lagrange a confronto con quella di R. Bultmann, P. Rousselot e J. Alfaro$9(OLS)http://pul/title/206171 996 $6260$aRoma :$bPontificia Universitą Gregoriana$9(OLS)http://pul/publisher/47853